00967nam a2200253 a 450000100100000000500170001000800410002704000250006808200190009310000340011224500540014626000460020030000280024650000640027450000730033850400320041159000260044365000200046965000290048965000260051891000380054495201160058299900150069800000725120260206124607.0090907t1982 dr a 001 0 spa d aDO-SdBNPbspacBNPHU a616.852bP349t1 aPeña S., Casimiro de92012510aTodos somos neuróticos /cCasimiro de Peña S. aSanto Domingo :bLa Orientación,c1982. a235 p. :bil. ;c21 cm. aIncluye datos biográficos del autor en la contracubierta. aIncluye un minidiccionario de problemas y términos psicológicos. aBibliografía : p. 234-235 aInventariado, 2018/LP 4aNeurosis920126 0aEnfermos mentales918253 4aPsicopatología9672 aValidado. Control de calidad. EMS 0010718PDaPDbPDcHDd2009-09-07iLF1l0o616.852 P349tp7251-10r2020-06-25w2020-06-25yLFPDZNo se presta c7032d7032